00438nam a2200145 a 450000100100000000500170001000800410002704000250006808200190009310000230011224500640013526000460019930000290024570000180027400004205320201002035917.0131112s1981 xxu 000 0 eng d aDO-SdBNPbengcBNPHU axxxxxxbxxxxxx1 aJ. Adler, Mortimer10aReligión and theology /cMortimer J. Adler, Seymour Cain. aChicago :bEncyclopedia Britanica,c1981. axxviii, 278 p. ;c21 cm.1 aCain, Seymour